Score 0/12 Timer 02:00
3 Plays Today
Scramble Answer % Correct
I NAWT OT DLOH ROYU DHANI Want to Hold Your Hand (The Beatles)
92.9%
VEOL LIWL RATE SU RAPATLove Will Tear Us Apart (Joy Division)
90.5%
KILE A GINLLRO NEOSTLike a Rolling Stone (Bob Dylan)
88.5%
KATE EM OT ETH ERIRVTake Me to the River (Al Green)
87.5%
LEMSLS KILE ETNE RITIPSSmells Like Teen Spirit (Nirvana)
86.3%
NOTD KOLO KABC NI REANGDon't Look Back in Anger (Oasis)
75.4%
CISEN U NBEE NEOGSince U Been Gone (Kelly Clarkson)
68.7%
MI OS MLEOSENO I DULCO RYCI'm So Lonesome I Could Cry (Hank Williams)
65.8%
PATYHMYS ORF ETH VIDELSympathy for the Devil (The Rolling Stones)
63.7%
LAL GONAL TEH CHAWTREOTWAll Along the Watchtower (Bob Dylan)
45%
SOFLOM SIPRON SLEUBFolsom Prison Blues (Johnny Cash)
32.7%
BAEIRZR VELO RNTLIAEGBizarre Love Triangle (New Order)
13.7%

You're not logged in!

Compare scores with friends on all Sporcle quizzes.
OR
Log In

Sporcle TV

Today on Sporcle TV


Watch our educational content, quiz creation guides, and fun videos on Sporcle TV.

Show Comments

Extras

Top Quizzes Today


Score Distribution

Paid Content

Your Account Isn't Verified!

In order to create a playlist on Sporcle, you need to verify the email address you used during registration. Go to your Sporcle Settings to finish the process.

Report this User

Report this user for behavior that violates our Community Guidelines.

Details: